| 000 | 00722nam a2200265Ia 4500 | ||
|---|---|---|---|
| 003 | OSt | ||
| 005 | 20221006152213.0 | ||
| 006 | a|||||r|||| 00| 0 | ||
| 007 | ta | ||
| 008 | 221006b |||||||| |||| 00| 0 jpn d | ||
| 020 | _cY600 | ||
| 024 | _a25,418 | ||
| 037 |
_bGift, Japan Foundation _cTextual |
||
| 040 |
_aEASL _cEASL _bjpn |
||
| 041 |
_2jpn _ajpn |
||
| 082 | _aP42,30bT:3, K9(FMU) | ||
| 100 |
_aSUDA Kiyoshi _9660822 |
||
| 245 | 0 | _aKana moji no oshiekata | |
| 260 |
_aTokyo _bMugi (Baku) Shobo Japan _c1969 |
||
| 300 |
_a247p. _ccm. |
||
| 650 | _a JL | ||
| 650 | _aFMU | ||
| 942 |
_hP42,30bT:3, K9(FMU) _cTEXL _2CC |
||
| 999 |
_c1093504 _d1093504 |
||